| 000 | 00443nam a22001577a 4500 | ||
|---|---|---|---|
| 999 |
_c60587 _d60587 |
||
| 005 | 20230913115135.0 | ||
| 008 | 230913s1977 fr ||||| |||| 00| 0 fre d | ||
| 041 | _afre | ||
| 080 | _a7 P-60 | ||
| 100 |
_aPijoán, José _919810 |
||
| 245 |
_aDějiny umění : _bOdeon 2./ _cJosé Pijoán. |
||
| 264 |
_aPraha, _c 1977. |
||
| 300 |
_a335 p.: _bill.; _c31 cm. |
||
| 653 | _aბერძნული ხელოვნება | ||
| 942 |
_2udc _cBK |
||